000 00321nam a2200121 i 4500
001 bg
245 0 _aKonferencja naukowa jednostek jednoimiennych technologii i organizacji budownictwa.TiOB'89.
260 _aLublin,
_c1989.
040 _cBPK
041 _apol
942 _cKS
008 s pl f |000 0 pol
999 _c29152
_d29152